Le mariage de mademosille Beulemans (Record no. 106851)

MARC details
000 -LEADER
campo de control de longitud fija 00762nam a2200229 i 4500
001 - NÚMERO DE CONTROL
campo de control 106851
003 - IDENTIFICADOR DE NÚMERO DE CONTROL
campo de control ES-MaACL
005 - FECHA Y HORA DE LA ÚLTIMA TRANSACCIÓN
campo de control 20230906184306.0
007 - CAMPO FIJO DE DESCRIPCIÓN FÍSICA--INFORMACIÓN GENERAL
campo de control de longitud fija t|
008 - DATOS DE LONGITUD FIJA--INFORMACIÓN GENERAL
campo de control de longitud fija 070105s1991 be ||||1| fre d
020 ## - NÚMERO INTERNACIONAL ESTÁNDAR DEL LIBRO
Número Internacional Estándar del Libro 2-8040-0637-9
080 ## - NÚMERO DE LA CLASIFICACIÓN DECIMAL UNIVERSAL
Número de la Clasificación Decimal Universal 821.133.1(493)-22"19"
100 1# - ENTRADA PRINCIPAL--NOMBRE DE PERSONA
Nombre de persona Fonson, Frantz.
9 (RLIN) 51534
245 13 - MENCIÓN DEL TÍTULO
Título Le mariage de mademosille Beulemans
Resto del título : comédie en trois actes /
Mención de responsabilidad, etc. Frantz Fonson, Fernand Wicheler ; préface de José Géal ; lecture de Paul Emond.
260 ## - PUBLICACIÓN, DISTRIBUCIÓN, ETC.
Lugar de publicación, distribución, etc. Bruxelles :
Nombre del editor, distribuidor, etc. Labor,
Fecha de publicación, distribución, etc. [1991]
300 ## - DESCRIPCIÓN FÍSICA
Extensión 215 p. ;
Dimensiones 18 cm.
500 ## - NOTA GENERAL
Nota general Biblioteca Jacinto Martínez Lacalle.
700 1# - ENTRADA AGREGADA--NOMBRE PERSONAL
Nombre de persona Wicheler, Fernand.
9 (RLIN) 116735
700 1# - ENTRADA AGREGADA--NOMBRE PERSONAL
Nombre de persona Géal, José.
9 (RLIN) 56180
700 1# - ENTRADA AGREGADA--NOMBRE PERSONAL
Nombre de persona Emond, Paul.
9 (RLIN) 47161
852 ## - LOCALIZACIÓN
Ubicación ES-MaACL
Número de control de estantería E-11497
Sublocalización o colección R.139564
Holdings
Estatus retirado Estado de pérdida Estado de daño No para préstamo Biblioteca de origen Biblioteca actual Ubicación en estantería Fecha de adquisición Fuente de adquisición Total de préstamos Signatura topográfica completa Código de barras Visto por última vez Precio de reemplazo Tipo de ítem Koha
        Biblioteca del Ateneo de Madrid Biblioteca del Ateneo de Madrid Depósito 2 17/01/2008     E-11497 1111532 23/02/2023 23/02/2023 Libro impreso